LEADER 01016nam a2200229 a 4500 001 000000112347 003 CaOOAMICUS 005 20080704120127.0 008 080704s2005 it m 000 0 ger d 040 $aPUG$bita$dmv$dPUL$dLDB 100 1 $aLuber, Markus.$0(OLS)http://pul/name/69240 245 10$aDevis Geschichte :$bein empirisch-qualitatives Forschungsprojekt zum Hinduismus /$cMarkus Luber. 260 $aRoma :$b[s.n.],$c2005. 300 $avi, 121 p. ;$c25 cm. 502 $aEstratto dissertazione: Pontificia Universitas Gregoriana. Facultas Missiologiae, 2005, n. 5365 504 $aBibliografia: p. [107]-115. 650 14$aInduismo.$0(OLS)http://pul/subject/21774 850 $aPUL 852 $aPUL$W1$xDP1 Tesi Pon. Univ. Gregoriana$y40$m2005 G 4$j128528$qTesi$B127455$CPULBib$Z2$F127455 $82 941 1 $a16 996 $6245$aDevis Geschichte :$bein empirisch-qualitatives Forschungsprojekt zum Hinduismus$9(OLS)http://pul/title/141188 996 $6260$aRoma :$b[s.n.]$9(OLS)http://pul/publisher/47958 LEADER 00940nam a2200229 a 4500 001 000000168757 003 CaOOAMICUS 005 20180716121143.0 008 180716s1947 it fa 000 u ita r 032 $aLibriCat 040 $aPul$bita 100 1 $aBrandi, Cesare,$d1906-1988.$0(OLS)http://pul/name/61118 245 10$aCarmine, o Della pittura : $bcon due saggi su Duccio e Picasso / $cCesare Brandi . 260 $aFirenze :$bVallecchi,$cİ1947. 300 $a328 p., [22] c. di tav. : $bill. ; $c23 cm. 650 4$aArte.$0(OLS)http://pul/subject/12836 850 $aPUL 852 $aPUL$W1$xDP1 Fondo Dalla Palma$y117$m8 C 81$j192191$qFondi$B196694$CPULBib$Z2$F196694 $HDal1418 $81 941 1 $a1 996 $6245$aCarmine, o Della pittura : $bcon due saggi su Duccio e Picasso / $9(OLS)http://pul/title/209264 996 $6260$aFirenze :$bVallecchi$9(OLS)http://pul/publisher/47977